000 00638nam a2200229Ia 4500
003 OSt
005 20251118120619.0
008 210210b2008 xxu||||| |||| 00| 0 eng d
040 _cAL
041 _aKannada
082 _a925K PAUL
100 _aPAUSCH (Randy)
_dಪೌಷ್ (ರಾಂಡಿ)
_9246148
245 _aLast Lecture
_bಲಾಸ್ಟ ಲೆಕ್ಚರ್
260 _aMaisuru
_b-
_c2008
300 _a246
650 _alekchar
_9246149
650 _aLast
_9246150
690 _aBiography
_9246151
700 _aZASLOW (Jeffery)
_9246152
_dಝಶ್ಲೋ (ಜೆಫ್ರಿ
906 _a064192
942 _2ddc
_cBK
999 _c140425
_d140425